000
00358nam a2200133Ia 4500
008
151001s9999||||xx |||||||||||||| ||und||
100
_a
माधुरी नाथ
245
_a
त्रिमूर्ती
250
_a
1
260
_b
"नीरज बुक सेंटर,दिल्ली"
260
_c
2010
300
_a
119
365
_b
21
999
_c
999446
_d
999443